| 000 | 00588nam a2200169Ia 4500 | ||
|---|---|---|---|
| 008 | 220216s9999 xx 000 0 und d | ||
| 100 | _aVijayakumar K R | ||
| 245 | 0 | _aAdvances in exploitation research of Hevea | |
| 260 | _bGlobal Competitiveness of Indian Rubber Plantation Industry : Rubber Planters Conference, India 2002. (Eds. C. Kuruvilla Jacob). Rubber Research Institute of India, Kottayam, Kerala, pp.155-162. | ||
| 650 | _aExploitation | ||
| 650 | _aHevea | ||
| 650 | _aIndia | ||
| 700 | _aKarunaichamy K | ||
| 700 | _aRajagopal R | ||
| 700 | _aThomas K U | ||
| 942 | _cJS | ||
| 999 |
_c53874 _d53874 |
||